Datum a čas kvízu

20 Celkem bodů Celkový počet nahraných bodů na tomto kvízu bez doplňovacích otázek.
7. Pořadí na kvízu Konečné umístění týmu na tomto kvízu.

Zaznamenané odpovědi

# Otázka Odpověď Body Výsledky
1. 43letá politička, bývalá minis... Jana Maláčová 1
2. Nové cestovní pasy jedné evrop... o Slovensku 0
3. Sedmý ročník festivalu Serial... Studna 1
4. Klienti jedné logistické spole... Zásilkovna 1
5. Čtyřčlenné mužstvo z Olomouce... C) kopání hrobů 1
6. V České republice dle zákona o... Úřad pro zahraniční styky a informace, Vojenské zpravodajství 0.5
7. U BIS ještě zůstaneme. Jak se... Michal Koudelka 0
8. Five Eyes je aliance zpravodaj... Kanady, Nového Zélandu 0
9. Zpravodajské služby nebo tajná... Čeka 0
10. V roce 2005 byl natočen film M... Steven Spielberg 1